Warhammer Fantasy Known World on a Map - Statistics

General Stats
  • This quiz has been taken 52 times
  • The average score is 11 of 26
Answers on the Map
Answers color-coded by a green-red scale on the quiz's map according to % correct below.
 
Answer Stats
Answer % Correct
Bretonnia
92%
Empire of Man
87%
Far Cathay
74%
Kislev
68%
Araby
63%
Ulthuan
63%
Chaos Wastes
61%
Ogre Kingdoms
53%
Skaven Under Empire
53%
Albion
50%
Ind
50%
Naggaroth
50%
Rule of Vampire Counts
47%
Border Princes
45%
Estalia
42%
Nippon
42%
Tilea
42%
Lizardmen Temple Cities
34%
Athel Loren
24%
Nehekhara
18%
Greenskin Strongholds
16%
Karaz Ankor
13%
Hobgoblin Khanates
8%
Great Maw
5%
Sartosa
3%
Zharr
3%
No matching quizzes found
Score Distribution
Percent of People with Each Score
Percentile by Number Answered
Your Score History
You have not taken this quiz